[Event "San Francisco TNM Fall op"]
[Site "San Francisco"]
[Date "2017.12.12"]
[Round "8"]
[White "Crofts, Jacob"]
[Black "Maser, Thomas F"]
[Result "0-1"]
[WhiteElo "1781"]
[BlackElo "1927"]
[PlyCount "48"]
[EventDate "2017.10.24"]
[EventType "swiss"]
[EventRounds "9"]
[EventCountry "USA"]
[SourceTitle "EXT 2023"]
[Source "ChessBase"]
[SourceDate "2022.10.05"]
[SourceVersion "1"]
[SourceVersionDate "2022.10.05"]
[SourceQuality "1"]

1. b4 d5 2. Bb2 Nf6 3. Nf3 e6 4. b5 Bd6 5. e3 0-0 6. c4 c6 7. Be2 dxc4 8. bxc6 Nxc6 9. Bxc4 e5 10. Ng5 Bf5 11. Nxf7 Rxf7 12. Qb3 Qc7 13. d3 Kf8 14. Bxf7 Qxf7 15. Qxf7+ Kxf7 16. e4 Be6 17. Ba3 Nb4 18. Kd2 Rd8 19. Bxb4 Bxb4+ 20. Ke2 Rc8 21. Kd1 Bc5 22. f3 Bd4 23. Nc3 Rxc3 24. Rb1 b6 0-1

[Event "San Francisco TNM Fall op"]
[Site "San Francisco"]
[Date "2017.11.21"]
[Round "5"]
[White "Crofts, Jacob"]
[Black "Morgan, Jerry"]
[Result "1-0"]
[WhiteElo "1781"]
[BlackElo "1484"]
[PlyCount "39"]
[EventDate "2017.10.24"]
[EventType "swiss"]
[EventRounds "9"]
[EventCountry "USA"]
[SourceTitle "EXT 2023"]
[Source "ChessBase"]
[SourceDate "2022.10.05"]
[SourceVersion "1"]
[SourceVersionDate "2022.10.05"]
[SourceQuality "1"]

1. Nf3 f5 2. d3 d6 3. e4 e5 4. exf5 Bxf5 5. Nc3 Nf6 6. Be2 g6 7. 0-0 Bg7 8. Nh4 Be6 9. f4 exf4 10. Bxf4 0-0 11. Qd2 Nd5 12. Bg5 Bd4+ 13. Kh1 Bf6 14. Bh6 Rf7 15. Nf3 Nc6 16. Ng5 Bxg5 17. Bxg5 Qd7 18. Ne4 Raf8 19. Rxf7 Rxf7 20. c4 1-0

[Event "San Francisco TNM Fall op"]
[Site "San Francisco"]
[Date "2017.10.24"]
[Round "1"]
[White "Cowgill, Jackie P"]
[Black "Crofts, Jacob"]
[Result "0-1"]
[WhiteElo "1187"]
[BlackElo "1781"]
[PlyCount "92"]
[EventDate "2017.10.24"]
[EventType "swiss"]
[EventRounds "9"]
[EventCountry "USA"]
[SourceTitle "EXT 2023"]
[Source "ChessBase"]
[SourceDate "2022.10.05"]
[SourceVersion "1"]
[SourceVersionDate "2022.10.05"]
[SourceQuality "1"]

1. e4 c5 2. Nf3 Nc6 3. d4 cxd4 4. Nxd4 g6 5. Be3 Bg7 6. c3 Nf6 7. Nd2 0-0 8. Be2 d5 9. Nxc6 bxc6 10. e5 Nd7 11. 0-0 Bxe5 12. Nf3 Bg7 13. Re1 Bb7 14. Rb1 Re8 15. Qd2 Qc7 16. b4 Nb6 17. Bd4 e5 18. Be3 f5 19. Bh6 f4 20. Bxg7 Kxg7 21. h4 Qe7 22. h5 e4 23. Qd4+ Qf6 24. h6+ Kf7 25. Qxf6+ Kxf6 26. Nd4 Kg5 27. f3 Kxh6 28. g3 exf3 29. Nxf3 fxg3 30. Kg2 Re3 31. Kxg3 Rae8 32. Kf2 Nd7 33. Rh1+ Kg7 34. Rbe1 Nf6 35. b5 Rxc3 36. a4 c5 37. b6 axb6 38. Bb5 Ne4+ 39. Kg2 Rf8 40. Rhf1 Rc2+ 41. Be2 Nc3 42. Ng5 Rxf1 43. Kxf1 Nxe2 44. Rxe2 Ba6 45. Ne6+ Kh6 46. Nf4 g5 0-1

[Event "San Francisco TNM Spring op"]
[Site "San Francisco"]
[Date "2017.05.02"]
[Round "8"]
[White "Ochoa, Jason"]
[Black "Crofts, Jacob"]
[Result "1-0"]
[WhiteElo "1800"]
[BlackElo "1380"]
[PlyCount "47"]
[EventDate "2017.03.14"]
[EventType "swiss"]
[EventRounds "8"]
[EventCountry "USA"]
[SourceTitle "EXT 2023"]
[Source "ChessBase"]
[SourceDate "2022.10.05"]
[SourceVersion "1"]
[SourceVersionDate "2022.10.05"]
[SourceQuality "1"]

1. c4 Nf6 2. Nf3 e6 3. g3 b6 4. Bg2 Bb7 5. 0-0 Be7 6. b3 0-0 7. Bb2 c5 8. Nc3 Nc6 9. e3 d5 10. cxd5 Nxd5 11. Nxd5 Qxd5 12. d4 Qf5 13. Rc1 Rab8 14. dxc5 Rfd8 15. Qe2 Bxc5 16. Nh4 Qg5 17. Bxc6 Bxc6 18. b4 Qd5 19. e4 Qd2 20. Qxd2 Rxd2 21. Be5 Bd6 22. Bxd6 Rxd6 23. e5 Rd2 24. Rxc6 1-0

[Event "San Francisco TNM Winter op"]
[Site "San Francisco"]
[Date "2017.01.31"]
[Round "5"]
[White "Crofts, Jacob"]
[Black "Bayaraa, Timothy"]
[Result "1-0"]
[WhiteElo "1651"]
[BlackElo "1138"]
[PlyCount "57"]
[EventDate "2017.01.03"]
[EventType "swiss"]
[EventRounds "8"]
[EventCountry "USA"]
[SourceTitle "EXT 2018"]
[Source "ChessBase"]
[SourceDate "2017.10.13"]
[SourceVersion "1"]
[SourceVersionDate "2017.10.13"]
[SourceQuality "1"]

1. e4 e5 2. Nf3 Nc6 3. Nxe5 Nxe5 4. d4 Ng6 5. Bc4 Nh6 6. 0-0 Bd6 7. e5 Be7 8. f4 d6 9. Nc3 Bg4 10. Qd3 dxe5 11. fxe5 Bg5 12. h3 Bd7 13. Ne4 Bf5 14. Bxg5 Bxe4 15. Qe3 Nf5 16. Qxe4 Qxg5 17. Rxf5 Qd2 18. Bxf7+ Kd7 19. Qd5+ Kc8 20. Bxg6 Rd8 21. Rf8 Rxf8 22. Be4 c6 23. Qe6+ Kb8 24. Qd6+ Kc8 25. Qxf8+ Kd7 26. Qd6+ Kc8 27. Rf1 Qe3+ 28. Kh1 Qxe4 29. Rf8# 1-0